| 000 | 00737cab a2200241 4500 | ||
|---|---|---|---|
| 001 | WB2945-45 | ||
| 008 | 090401t1993 xxu||||| |||| 00| 0 eng d | ||
| 035 | _a(Sirsi) u36957 | ||
| 041 | _aeng | ||
| 245 | _aCouncil taxes may rise 7% | ||
| 260 | _c1993 | ||
| 350 | _a0 | ||
| 490 |
_aFinancial Times _v3 December 1993, 1 |
||
| 490 |
_aGuardian _v3 December 1993, 2(2) |
||
| 520 | _aPredicts that council taxes may rise by 7% as a result of cuts in local authority funding. It is expected that rural areas will fair better than the South. | ||
| 650 | _aCOUNCIL TAX | ||
| 650 | _aFUNDING | ||
| 650 | _aLOCAL AUTHORITIES | ||
| 650 | _aPUBLIC EXPENDITURE | ||
| 690 | _aRATING AND VALUATION | ||
| 942 | _n0 | ||
| 948 | _c04/03/1997 | ||
| 999 |
_c23917 _d23917 |
||